000 01241nam a2200361 i 4500
001 31184
003 KOSZ 005
005 20250723063544.0
008 960606s1980 pl f |000 0 pol d
040 _cKOSZ 005
_aKOSZ 005
_dKOSZ 005/HR
041 0 _apl
080 _a631.3
080 _a620.193
100 1 _aOlszewski, Tadeusz
_d(1933-2015)
_eAutor
245 1 0 _aTechnologia konserwacji antykorozyjnej sprzętu rolniczego :
_bprojekt IBMER /
_cTadeusz Olszewski ; Instytut Budownictwa, Mechanizacji i Elektryfikacji Rolnictwa.
260 _aWarszawa :
_bIBMER
_a[1990].
300 _a70 s. :
_brys. ;
_c21 cm.
336 _2rdacontent
_aTekst
_btxt
337 _2rdamedia
_aBez urządzenia pośredniczącego
_bn
338 _2rdacarrier
_aWolumin
_bnc
380 _aKsiążki
380 _aPublikacje fachowe
388 _a1901-2000
388 _a1945-1989
504 _aBibliogr. s. 69-70.
658 _aRolnictwo i leśnictwo
658 _aInżynieria i technika
650 9 _aZwalczanie
650 9 _aKorozja i erozja
650 9 _aMaszyny i narzędzia rolnicze
856 _uhttp://koha.tu.koszalin.pl/cgi-bin/koha/opac-detail.pl?biblionumber=31184
_yKatalog online BPK
942 _cKS
_2UKD
999 _c31184
_d31184